Loading...
| History - World History | 2 | 1 | 0 | 0 | 40 | 41 | 48.67 | 3 | 3 |
| Religion | 1 | 2 | 0 | 1 | 35 | 46 | 82.00 | 2 | 3 |
| History - European History | 0 | 3 | 0 | 0 | 30 | 69 | 84.67 | 0 | 3 |
| Fine Arts - Auditory Fine Arts | 0 | 3 | 0 | 0 | 30 | 96 | 114.67 | 0 | 3 |
| History - American History | 1 | 1 | 0 | 0 | 25 | 63 | 67.50 | 2 | 2 |
| Science - Physics | 0 | 2 | 0 | 0 | 20 | 111 | 111.50 | 1 | 2 |
| Science - Other Science | 0 | 2 | 0 | 1 | 20 | 67 | 104.50 | 1 | 2 |
| Science - Chemistry | 0 | 2 | 0 | 2 | 20 | 118 | 128.00 | 0 | 2 |
| Literature - European Literature | 0 | 2 | 0 | 0 | 20 | 117 | 123.50 | 0 | 2 |
| Literature - World Literature | 0 | 2 | 0 | 1 | 20 | 79 | 88.00 | 1 | 2 |
| Fine Arts - Visual Fine Arts | 1 | 1 | 2 | 0 | 15 | 57 | 89.00 | 1 | 2 |
| History - Other History | 0 | 2 | 1 | 0 | 15 | 73 | 76.50 | 1 | 2 |
| Fine Arts - Other Fine Arts | 0 | 3 | 3 | 0 | 15 | 78 | 96.00 | 1 | 3 |
| Current Events | 0 | 1 | 0 | 0 | 10 | 63 | 63.00 | 1 | 1 |
| Literature - American Literature | 0 | 1 | 0 | 0 | 10 | 108 | 108.00 | 1 | 1 |
| Mythology | 0 | 1 | 0 | 0 | 10 | 92 | 92.00 | 1 | 1 |
| Other Academic | 0 | 1 | 0 | 0 | 10 | 94 | 94.00 | 1 | 1 |
| Pop Culture | 0 | 1 | 0 | 0 | 10 | 82 | 82.00 | 0 | 1 |
| Popular Culture | 0 | 1 | 0 | 1 | 10 | 132 | 132.00 | 1 | 1 |
| Religion- Edited | 0 | 1 | 0 | 0 | 10 | 114 | 114.00 | 0 | 1 |
| Science - Biology | 0 | 1 | 1 | 0 | 5 | 92 | 92.00 | 0 | 1 |
| Philosophy | 0 | 1 | 1 | 0 | 5 | 84 | 84.00 | 1 | 1 |
| Social Science | 0 | 2 | 3 | 0 | 5 | 73 | 88.50 | 1 | 2 |